00358pam a2200145a 44500008004100000020000900041041000800050082000900058100001500067245006000082250000600142260004700148300000800195650000900203230515b1993 xxu||||| |||| 00| 0 eng d aNULL aENG aN.D. aDownie P A aCashs text book of Neurology for Physiotherapists 4thed a0 aNULLb"Jaypee brothers, New Delhi, "c1993 a653 aN.D.